000 00699nam a2200241 a 4500
008
020 _a0884157326 (cased)
049 _aMAIN
050 0 0 _aTJ778
_bBOY
100 1 _aBoyce, Meherwan P.
245 1 0 _aGas turbine engineering handbook /
_cMeherwan P. Boyce.
250 _a2nd ed.
260 _aBoston, MA :
_bGulf Professional,
_c2002.
300 _axv, 799 p. :
_bill. ;
_c25 cm.
504 _aIncludes bibliographical references.
500 _aIncludes index.
650 0 _aGas-turbines
_vHandbooks, manuals, etc.
907 _a.b10081793
_b07-01-13
_c11-07-03
003
005 20230123133330.0
040 _cNUST
942 _cBOOKS
999 _c146751
_d146751